| 000 | 00416nam a22001577a 4500 | ||
|---|---|---|---|
| 003 | SGT | ||
| 020 | _a8180521206 | ||
| 082 | _a658,DOG | ||
| 100 | _aDEEPAK DOGRA | ||
| 245 | _aISHWAR DAYAL ON MANAGEMENT | ||
| 260 |
_aNEW DELHI _bANE BOOKS INDIA |
||
| 300 | _a202 | ||
| 650 | _a MANAGEMENT | ||
| 653 | _aDEVELOPING MANAGEMENT EDUCATION IN INDIA, FEATURES OF MANAGEMENT EDUCATION, THE APPROACH | ||
| 942 |
_2ddc _cFCM |
||
| 999 |
_c9449 _d9449 |
||